| 000 | 00440nam a22001577a 4500 | ||
|---|---|---|---|
| 008 | 240912b |||||||| |||| 00| 0 eng d | ||
| 040 |
_aNational Science Library _cNational Science Library |
||
| 080 | _aR 55(038)=30 K3 | ||
| 100 | _aMurawski, H | ||
| 245 |
_aGeologisches worterbuch _c |
||
| 260 |
_aStuttgart: _bFerdinand Enke Verlag, _c1963 |
||
| 300 | _a282p. | ||
| 500 | _aVol. 29 | ||
| 700 | _aVira, R (Ed.) | ||
| 942 |
_2udc _cREF |
||
| 999 |
_c67289 _d67289 |
||